Las ideas de administración de Javier de Burgos / (Record no. 5598)

MARC details
000 -LEADER
campo de control de longitud fija 01130nam a2200277 i 4500
001 - NÚMERO DE CONTROL
campo de control 5598
003 - IDENTIFICADOR DE NÚMERO DE CONTROL
campo de control ES-MaACL
005 - FECHA Y HORA DE LA ÚLTIMA TRANSACCIÓN
campo de control 20251217063015.0
007 - CAMPO FIJO DE DESCRIPCIÓN FÍSICA--INFORMACIÓN GENERAL
campo de control de longitud fija t|
008 - DATOS DE LONGITUD FIJA--INFORMACIÓN GENERAL
campo de control de longitud fija 881219s1987 sp ||||1| spa d
020 ## - NÚMERO INTERNACIONAL ESTÁNDAR DEL LIBRO
Número Internacional Estándar del Libro 84-7351-219-7
080 ## - NÚMERO DE LA CLASIFICACIÓN DECIMAL UNIVERSAL
Número de la Clasificación Decimal Universal 35(46)"18"(04)
100 0# - ENTRADA PRINCIPAL--NOMBRE DE PERSONA
Nombre de persona Burgos, Javier de,
Fechas asociadas al nombre 1778-1849
9 (RLIN) 32653
245 14 - MENCIÓN DEL TÍTULO
Título Las ideas de administración de Javier de Burgos /
Mención de responsabilidad, etc. estudio preliminar Eduardo Roca Roca.
260 ## - PUBLICACIÓN, DISTRIBUCIÓN, ETC.
Lugar de publicación, distribución, etc. Alcalá de Henares :
Nombre del editor, distribuidor, etc. Instituto Nacional de Administración Pública,
Fecha de publicación, distribución, etc. [1987]
300 ## - DESCRIPCIÓN FÍSICA
Extensión 170 p. ;
Dimensiones 21 cm.
490 1# - MENCIÓN DE SERIE
Mención de serie Carlos III y la Ilustración
500 ## - NOTA GENERAL
Nota general Con motivo de la conmemoración del "Segundo Centenario de Carlos III", bajo el lema "Carlos III y la Ilustración"
651 #4 - PUNTO DE ACCESO ADICIONAL DE MATERIA--NOMBRE GEOGRÁFICO
Nombre geográfico España-
Subdivisión general Administración-
Subdivisión cronológica S.XVIII.
9 (RLIN) 144197
651 #4 - PUNTO DE ACCESO ADICIONAL DE MATERIA--NOMBRE GEOGRÁFICO
Nombre geográfico España-
Subdivisión general Administración-
Subdivisión cronológica S.XIX.
9 (RLIN) 138846
700 1# - ENTRADA AGREGADA--NOMBRE PERSONAL
Nombre de persona Roca Roca, Eduardo.
9 (RLIN) 98009
710 2# - ENTRADA AGREGADA--NOMBRE DE ENTIDAD CORPORATIVA
Nombre de entidad corporativa o nombre de jurisdicción como elemento de entrada Instituto Nacional de Administración Pública (España)
9 (RLIN) 5139
830 00 - PUNTO DE ACCESO ADICIONAL DE SERIE-TÍTULO UNIFORME
Título uniforme Carlos III y la Ilustración (Instituto Nacional Administración Pública)
9 (RLIN) 177302
852 ## - LOCALIZACIÓN
Ubicación ES-MaACL
Número de control de estantería L-12371
Holdings
Estatus retirado Estado de pérdida Estado de daño No para préstamo Biblioteca de origen Biblioteca actual Ubicación en estantería Fecha de adquisición Fuente de adquisición Total de préstamos Signatura topográfica completa Código de barras Visto por última vez Precio de reemplazo Tipo de ítem Koha
        Biblioteca del Ateneo de Madrid Biblioteca del Ateneo de Madrid Depósito 2 17/01/2008     L-12371 1005674 23/02/2023 23/02/2023 Libro impreso